000 00336nam a22001337a 4500
020 _a978-93-5482-593-4
082 _a894.812
_bBAI/U
100 _aNAIR, BAIJU N
245 _aUKRAINUM TAIWANUM
_bRANDU RAJYANGAL VATHYASTHA LOKANGAL
260 _aKOTTAYAM
_bDC BOOKS
_c2023
300 _a157
650 _aMALAYALAM TRAVELOGUE
942 _cBK
999 _c6983
_d6983